Bench Colombia (Registro nro. 315288)

Detalles MARC
000 -ENCABEZADO
Número de control [NR] 01148 a2200265 4500
005 - FECHA Y HORA DE LA ÚLTIMA TRANSACCIÓN
control field 20190920122614.0
008 - DE LONGITUD FIJA DE DATOS DE ELEMENTOS - INFORMACIÓN GENERAL
Elementos de longitud fija [NR] 190920b xxu||||| |||| 00| 0 eng d
020 ## - NUMERO INTERNACIONAL NORMALIZADO PARA LIBROS [R]
Número Internacional Normalizado del libro [NR] 9789588281216
040 ## - FUENTE DE CATALOGACION [NR]
Agencia de catalogación original [NR] CO-BoUCM
Idioma de catalogación [NR] spa
Quien Cataloga Saul Niño
Quien Clasifica Saul Niño
041 0# - CODIGO DE IDIOMA [R]
Código de idioma para texto/pista de sonido o título separado [R] Español
100 10 - ASIENTO PRINCIPAL--NOMBRE PERSONAL [NR]
Nombre personal [NR] Botero Botero, Luis Fernando
ID Autoridad 98537
245 10 - MENCION DE TITULO [NR]
Título [NR] Bench Colombia
Parte restante del título [NR] sistema de referenciación para la construcción
Mención de responsabilidad, etc. [NR] Luis Fernando Botero Botero, Martha Eugenia Álvarez Villa
246 ## - FORMA VARIANTE DEL TITULO [R]
Título propiamente dicho/forma breve del título [NR] Sistema de referenciación para la construcción : Bench Colombia
260 ## - PUBLICACION, DISTRIBUCION, ETC. (PIE DE IMPRENTA) [R]
Lugar de publicación, distribución, etc. [R] Colombia
Nombre del editor, distribuidor, etc. [R] Bench-Colombia
-- Centro de Publicaciones Universidad EAFIT
Fecha de publicación, distribución, etc. [R] 2006
300 ## - DESCRIPCION FISICA [R]
Extensión [R] 261 páginas
650 #7 - ASIENTO SECUNDARIO DE MATERIA - TERMINO TEMATICO [R]
9 (RLIN) 20438
Término temático o nombre geográfico como elemento de entrada [NR] Normas de producción
Subdivisión general [R] Administración
650 #7 - ASIENTO SECUNDARIO DE MATERIA - TERMINO TEMATICO [R]
9 (RLIN) 19207
Término temático o nombre geográfico como elemento de entrada [NR] Medición del trabajo
Subdivisión general [R] Administración
650 #7 - ASIENTO SECUNDARIO DE MATERIA - TERMINO TEMATICO [R]
9 (RLIN) 9992
Término temático o nombre geográfico como elemento de entrada [NR] Benchmarking (Administración)
650 #7 - ASIENTO SECUNDARIO DE MATERIA - TERMINO TEMATICO [R]
9 (RLIN) 13904
Término temático o nombre geográfico como elemento de entrada [NR] Efectividad organizacional
650 #7 - ASIENTO SECUNDARIO DE MATERIA - TERMINO TEMATICO [R]
9 (RLIN) 11700
Término temático o nombre geográfico como elemento de entrada [NR] Construcción
Subdivisión general [R] Administración
650 #7 - ASIENTO SECUNDARIO DE MATERIA - TERMINO TEMATICO [R]
Término temático o nombre geográfico como elemento de entrada [NR] Industria de la construcción
Subdivisión general [R] Administración
9 (RLIN) 85028
700 10 - ASIENTO SECUNDARIO - NOMBRE PERSONAL [R]
Nombre personal [NR] Álvarez Villa, Martha Eugenia
9 (RLIN) 98538
942 ## - ELEMENTOS DE ENTRADA AGREGADOS (KOHA)
Tipo de ítem principal el descrito en 300a Libro
Sistema de clasificación DEWEY
Tema principal Ciencia política
Edición 1
Clasificación 690.068
Parte restante de la signatura top. B748s
Existencias
Signatura topográfica Código de barras Última vez visto Ejemplar Costo de reposición Price effective from Tipo de ítem Perdido Sistema de clasificación Dañado No prestable Tipo de ítem específico Suprimido Ubicación habitual Ubicación actual Localización Fecha de creación Proveedor Forma de adquisición Costo
690.068 B748s 100163466 04/12/2024 Ej.1 26000.00 13/09/2019 Libro   DEWEY     Libro   Bodega Bodega 5to piso 13/09/2019 12 Donación 0.00